000 00539nam a2200205 a 4500
001 BRCA_6118
005 20190320205336.0
008 040711s1919----mx-#######---#000-0#ger-#
041 _ager
044 _amx
050 4 _aHX276
_b.K36
100 1 _aKautsky, Karl
_d1854-1938.
_915447
245 1 0 _aDas erfurter Programm in einem Grundsätzlichen Tell
_cKarl Kautsky.
260 _aMéxico
_bMuller
_c1919
300 _axxi, 290 p.
_c19 cm
500 _aK19
650 1 4 _aSocialismo en Alemania
_915448
902 _aGFM
942 _2lcc
_cB
999 _c5805
_d5805